<?xml version="1.0" encoding="UTF-8"?>
<collection xmlns="http://www.loc.gov/MARC21/slim">
    <record>
        <controlfield tag="001">69714</controlfield>
        <controlfield tag="005">20190709135611.0</controlfield>
        <datafield tag="024" ind1="7" ind2=" ">
            <subfield code="2">doi</subfield>
            <subfield code="a">10.5209/RGID.58212</subfield>
        </datafield>
        <datafield tag="024" ind1="8" ind2=" ">
            <subfield code="2">sideral</subfield>
            <subfield code="a">104735</subfield>
        </datafield>
        <datafield tag="037" ind1=" " ind2=" ">
            <subfield code="a">ART-2017-104735</subfield>
        </datafield>
        <datafield tag="041" ind1=" " ind2=" ">
            <subfield code="a">spa</subfield>
        </datafield>
        <datafield tag="100" ind1=" " ind2=" ">
            <subfield code="0">(orcid)0000-0002-7492-4711</subfield>
            <subfield code="a">Blanco Domingo, L.</subfield>
            <subfield code="u">Universidad de Zaragoza</subfield>
        </datafield>
        <datafield tag="245" ind1=" " ind2=" ">
            <subfield code="a">Libros como trincheras. El Servicio de Lecturas del Soldado de la Biblioteca de la Universidad de Zaragoza durante la Guerra Civil (1936-1939)</subfield>
        </datafield>
        <datafield tag="260" ind1=" " ind2=" ">
            <subfield code="c">2017</subfield>
        </datafield>
        <datafield tag="506" ind1="0" ind2=" ">
            <subfield code="a">Access copy available to the general public</subfield>
            <subfield code="f">Unrestricted</subfield>
        </datafield>
        <datafield tag="520" ind1="3" ind2=" ">
            <subfield code="a">El Servicio de Lecturas para el Soldado fue un organismo impulsado por Miguel Artigas desde la Biblioteca de la Universidad de Zaragoza durante la Guerra Civil (1936-1939) como un instrumento más que contribuyera al triunfo militar del bando rebelde. El objetivo de este trabajo es analizar sus aspectos fundamentales: la difícil cohabitación con la actividad ordinaria de la biblioteca universitaria; la evolución de su funcionamiento y alcance; el papel de los facultativos y profesionales; y los resultados obtenidos, enmarcados dentro de un contexto en el que conviven las urgencias bélicas y una peculiar simbiosis entre los conceptos de lectura terapéutica y dirigida.   

The Servicio de Lecturas para el Soldado was an organization promoted by Miguel Artigas from the University Library of Zaragoza during the Civil War (1936-1939) as one more instrument that contributed to the military triumph of the rebel forces. The objective of this work is to analyze its fundamental aspects: the difficult cohabitation with the ordinary activity of the university library; the evolution of its operation and scope; the role of librarians; and the results obtained, framed within a context in which war emergencies coexist and a peculiar symbiosis between the concepts of therapeutic and guided reading.</subfield>
        </datafield>
        <datafield tag="540" ind1=" " ind2=" ">
            <subfield code="9">info:eu-repo/semantics/openAccess</subfield>
            <subfield code="a">by</subfield>
            <subfield code="u">http://creativecommons.org/licenses/by/3.0/es/</subfield>
        </datafield>
        <datafield tag="592" ind1=" " ind2=" ">
            <subfield code="a">0.217</subfield>
            <subfield code="b">2017</subfield>
        </datafield>
        <datafield tag="593" ind1=" " ind2=" ">
            <subfield code="a">Library and Information Sciences</subfield>
            <subfield code="c">2017</subfield>
            <subfield code="d">Q3</subfield>
        </datafield>
        <datafield tag="655" ind1=" " ind2="4">
            <subfield code="a">info:eu-repo/semantics/article</subfield>
            <subfield code="v">info:eu-repo/semantics/publishedVersion</subfield>
        </datafield>
        <datafield tag="710" ind1="2" ind2=" ">
            <subfield code="1">3011</subfield>
            <subfield code="2">040</subfield>
            <subfield code="a">Universidad de Zaragoza</subfield>
            <subfield code="b">Dpto. Ciencias Doc. Hª Ciencia</subfield>
            <subfield code="c">Área Biblioteconomía y Docum.</subfield>
        </datafield>
        <datafield tag="773" ind1=" " ind2=" ">
            <subfield code="g">27, 2 (2017), 433-470</subfield>
            <subfield code="p">Rev. gen. inf. doc.</subfield>
            <subfield code="t">Revista General de Información y Documentación</subfield>
            <subfield code="x">1132-1873</subfield>
        </datafield>
        <datafield tag="856" ind1="4" ind2=" ">
            <subfield code="s">446894</subfield>
            <subfield code="u">http://zaguan.unizar.es/record/69714/files/texto_completo.pdf</subfield>
            <subfield code="y">Versión publicada</subfield>
        </datafield>
        <datafield tag="856" ind1="4" ind2=" ">
            <subfield code="s">55834</subfield>
            <subfield code="u">http://zaguan.unizar.es/record/69714/files/texto_completo.jpg?subformat=icon</subfield>
            <subfield code="x">icon</subfield>
            <subfield code="y">Versión publicada</subfield>
        </datafield>
        <datafield tag="909" ind1="C" ind2="O">
            <subfield code="o">oai:zaguan.unizar.es:69714</subfield>
            <subfield code="p">articulos</subfield>
            <subfield code="p">driver</subfield>
        </datafield>
        <datafield tag="951" ind1=" " ind2=" ">
            <subfield code="a">2019-07-09-12:22:43</subfield>
        </datafield>
        <datafield tag="980" ind1=" " ind2=" ">
            <subfield code="a">ARTICLE</subfield>
        </datafield>
    </record>

    
</collection>